000 00302nam a22001337a 4500
020 _a817826157-X
082 _a823
_bTWA/P
100 _aMARK TWAIN
245 _aPRINCE AND THE PAUPER
260 _aDELHI
_bROHAN BOOK COMPANY
_c2003
300 _a222
650 _aMODERN ILLUSTRATED CLASSICS
942 _cBK
999 _c386
_d386